Nákupný patriotizmus má na Slovensku stúpajúci trend

Čoraz viac ľudí chce v obchodoch nakupovať slovenské produkty. Dvojaká kvalita potravín. Cielené nákupy a rast ekonomiky.

Salvato in:
Dettagli Bibliografici
Natura: Capitolo di libro
Lingua:slovacco
Soggetti:
Tags: Aggiungi Tag
Nessun Tag, puoi essere il primo ad aggiungerne!!

MARC

LEADER 00000naa a2200000 4500
001 0241411
005 20180322142537.2
041 0 |a slo 
044 |a SK 
245 1 0 |a Nákupný patriotizmus má na Slovensku stúpajúci trend 
520 |a Čoraz viac ľudí chce v obchodoch nakupovať slovenské produkty. Dvojaká kvalita potravín. Cielené nákupy a rast ekonomiky. 
610 2 0 |a spotrebitelia 
610 2 0 |a správanie spotrebiteľa 
610 2 0 |a nákup 
610 2 0 |a výrobky domáce 
610 2 0 |a Slovensko